000 00578nam a22002177a 4500
003 UA-OsUOA
001 58150
007 ta
008 20090128b un ||||| |||| 00| 0 ukr d
100 _aМиллер А.И.
090 _a32
_bМ60
942 _cSA
040 _aUA-OsUOA
_brus
_cUA-OsUOA
_dUA-OsUOA
245 _aГосударство и нация в Украине после 2004 г.: Анализ и попытка прогноза
300 _aС.109-125
955 _a0
041 _arus
080 _a32
773 0 _w58144
650 7 _a32 Політика
_2UDC
999 _c344234
_d344234